000 00610nam a2200157 a 4500
001 000035129
005 20200930074125.0
008 111025s1909 sp 000 0 spa d
040 _aDO-SdBNP
_bspa
_cBNPHu
100 1 _aCerdá, Elías
_960820
245 1 0 _aPrimer amor :
_bzarzuela en un acto, dividido en tres cuadros /
_coriginal de Elías Cerdá ; música del maestro Enrique Brú.
260 _aMadrid . :
_bImp. R. Velasco,
_c1909.
300 _a48, [2] p. ;
_c21 cm.
500 _aEstreno: Teatro de Novedades (Madrid), 22 de enero de 1909.
700 1 _aBrú Albiñana, Enrique,
_d(1873-1951),
_emús.
_960821
999 _c34620
_d34620